000 00705nam a2200205Ii 4500
003 JO-AjNU
008 230605s9999||||xx |||||||||||||| ||und||
040 _aJO-AjNU
_bara
_erda
_cJO-AjNU
041 _aara
050 1 4 _aQA76.9.S88.A7454 2003
100 3 _aالعقيلي ، صالح ارشيد,
_eauthor
_928498
245 0 0 _aتصميم دوائر الحاسوب المنطقية
250 _aط2
264 3 1 _aعمان: دار الشروق ، 2003
300 _a380ص
336 _atext
_btxt
_2rdacontent
337 _aunmediated
_bn
_2rdamedia
338 _avolume
_bnc
_2rdacarrier
650 4 _aالحاسبات الالكترونية - تصميم الدوائر الالكترونية
_928499
999 _aA11061
_c14629
_d14629